[Event "UKR-ch sf U20"]
[Site "Lvov UKR"]
[Date "2008.12.09"]
[Round "8"]
[White "Golubka, Petro"]
[Black "Shevtsov, Nikolay"]
[Result "1-0"]
[WhiteElo "2306"]
[BlackElo "2311"]
[WhiteFideId "-1"]
[BlackFideId "-1"]
[PlyCount "79"]
[GameId "2129405090663932"]
[EventDate "2008.12.02"]
[EventType "swiss"]
[EventRounds "9"]
[EventCountry "UKR"]
[SourceTitle "EXT 2010"]
[Source "ChessBase"]
[SourceDate "2009.11.30"]
[SourceVersion "1"]
[SourceVersionDate "2009.11.30"]
[SourceQuality "1"]

1. c4 Nf6 2. Nc3 c5 3. Nf3 e6 4. g3 b6 5. Bg2 Bb7 6. O-O Be7 7. d4 cxd4 8. Qxd4 d6 9. Bg5 a6 10. Bxf6 Bxf6 11. Qf4 O-O 12. Rfd1 Be7 13. Ne4 Bxe4 14. Qxe4 Ra7 15. Nd4 Rc7 16. b3 Bf6 17. a4 Qc8 18. Rab1 Rd8 19. h4 h6 20. e3 Rc5 21. Qd3 Nd7 22. Nf3 Rc6 23. Nd2 Nc5 24. Qe2 d5 25. Qf1 Rc7 26. cxd5 exd5 27. Bh3 Qb8 28. Bg2 b5 29. axb5 axb5 30. e4 d4 31. Rbc1 d3 32. Nf3 Nxb3 33. Rxc7 Qxc7 34. Rxd3 Rxd3 35. Qxd3 Qc4 36. Qd7 Nd4 37. e5 Nxf3+ 38. Bxf3 Bxh4 39. Bd5 Qc1+ 40. Kg2 1-0

[Event "Chervonograd IM-A"]
[Site "Chervonograd UKR"]
[Date "2008.11.01"]
[Round "1.6"]
[White "Konenkin, Dmitry"]
[Black "Golubka, Petro"]
[Result "1/2-1/2"]
[WhiteElo "2296"]
[BlackElo "2306"]
[WhiteFideId "-1"]
[BlackFideId "-1"]
[PlyCount "22"]
[GameId "2129405091248082"]
[EventDate "2008.11.03"]
[EventType "tourn"]
[EventRounds "15"]
[EventCountry "UKR"]
[EventCategory "3"]

1. d4 d5 2. Bg5 h6 3. Bh4 c5 4. dxc5 Qa5+ 5. Nc3 e6 6. e4 g5 7. Bg3 dxe4 8. Bd6 Nc6 9. Bxf8 Kxf8 10. Qd6+ Kg7 11. O-O-O Nf6 1/2-1/2

[Event "Chervonograd IM-A"]
[Site "Chervonograd UKR"]
[Date "2008.11.02"]
[Round "2.3"]
[White "Golubka, Petro"]
[Black "In Ahmed, Minhazud"]
[Result "1-0"]
[WhiteElo "2306"]
[BlackElo "2201"]
[WhiteFideId "-1"]
[BlackFideId "-1"]
[PlyCount "115"]
[GameId "2129405091248087"]
[EventDate "2008.11.03"]
[EventType "tourn"]
[EventRounds "15"]
[EventCountry "UKR"]
[EventCategory "3"]

1. e4 c5 2. Nf3 e6 3. c3 Nf6 4. e5 Nd5 5. d4 cxd4 6. cxd4 b6 7. Nc3 Nxc3 8. bxc3 Qc7 9. Bb2 Bb7 10. Be2 d6 11. O-O Nd7 12. exd6 Bxd6 13. c4 O-O 14. h3 e5 15. d5 Nc5 16. Re1 Rae8 17. Bf1 f5 18. Rc1 Bc8 19. Rc2 Bd7 20. Rd2 e4 21. Nd4 a6 22. Nc6 Bh2+ 23. Kh1 Bf4 24. Ne7+ Rxe7 25. d6 Bxd6 26. Rxd6 Bc6 27. Rd4 f4 28. Qg4 Re6 29. Red1 Rg6 30. Qh4 Rh6 31. Qg4 Rg6 32. Qh4 Ne6 33. Rd6 f3 34. g3 e3 35. fxe3 f2+ 36. e4 Nc5 37. Rxg6 hxg6 38. Rd5 Bxd5 39. cxd5 Qf7 40. d6 b5 41. Kh2 Qxa2 42. Bd4 Ne6 43. Bb6 Qb1 44. Kg2 Qd1 45. Qe7 Qf3+ 46. Kh2 Qf7 47. Qh4 Qb7 48. Qg4 Qxb6 49. Qxe6+ Kh7 50. e5 b4 51. Qe7 Qd8 52. Qb7 Re8 53. Qe4 b3 54. Bd3 Re6 55. Kg2 b2 56. h4 Qxd6 57. exd6 Rxe4 58. Bxe4 1-0

[Event "Chervonograd IM-A"]
[Site "Chervonograd UKR"]
[Date "2008.11.02"]
[Round "3.7"]
[White "Shtembuliak, Evgeny"]
[Black "Golubka, Petro"]
[Result "1-0"]
[WhiteElo "2019"]
[BlackElo "2306"]
[WhiteFideId "-1"]
[BlackFideId "-1"]
[PlyCount "107"]
[GameId "2129405091248099"]
[EventDate "2008.11.03"]
[EventType "tourn"]
[EventRounds "15"]
[EventCountry "UKR"]
[EventCategory "3"]

1. b3 d5 2. Bb2 c5 3. e3 a6 4. Nf3 Nc6 5. Be2 Nf6 6. O-O e6 7. Ne5 Bd7 8. f4 Be7 9. d3 O-O 10. Nd2 d4 11. Nxc6 Bxc6 12. e4 Nd7 13. Bf3 e5 14. Bg4 exf4 15. Bxd7 Qxd7 16. Nc4 Qe6 17. Rxf4 b5 18. Nd2 f5 19. Rxf5 Rxf5 20. exf5 Qxf5 21. Qe2 Bg5 22. Rf1 Qd5 23. Ne4 Be3+ 24. Kh1 Kh8 25. Bc1 Bxc1 26. Rxc1 Qe5 27. Re1 Re8 28. Ng3 Qxe2 29. Rxe2 Rxe2 30. Nxe2 g5 31. a3 a5 32. b4 cxb4 33. axb4 axb4 34. Nxd4 Bd7 35. Kg1 Kg7 36. Kf2 Kf6 37. Ke3 h5 38. Ke4 h4 39. Kd5 Bc8 40. Kc5 Bb7 41. g3 b3 42. cxb3 Kg6 43. Kxb5 Kh5 44. Kc5 Kg4 45. Ne6 hxg3 46. hxg3 Bc8 47. Nxg5 Kxg5 48. b4 Kg4 49. b5 Kxg3 50. d4 Kf4 51. d5 Ke5 52. Kc6 Bg4 53. d6 Ke6 54. b6 1-0

[Event "Chervonograd IM-A"]
[Site "Chervonograd UKR"]
[Date "2008.11.03"]
[Round "4.2"]
[White "Golubka, Petro"]
[Black "Vetoshko, Volodymyr"]
[Result "1/2-1/2"]
[WhiteElo "2306"]
[BlackElo "1988"]
[WhiteFideId "-1"]
[BlackFideId "-1"]
[PlyCount "98"]
[GameId "2129405091248102"]
[EventDate "2008.11.03"]
[EventType "tourn"]
[EventRounds "15"]
[EventCountry "UKR"]
[EventCategory "3"]

1. e4 c5 2. Nf3 Nc6 3. d4 cxd4 4. Nxd4 e5 5. Nb5 a6 6. Nd6+ Bxd6 7. Qxd6 Qf6 8. Qd2 Qg6 9. Nc3 d5 10. Nxd5 Qxe4+ 11. Ne3 Nf6 12. f3 Qh4+ 13. Qf2 Qxf2+ 14. Kxf2 Be6 15. b3 O-O-O 16. Bb2 Nd5 17. Bc4 Nf4 18. Rhd1 Bxc4 19. Nxc4 f6 20. g3 Ne6 21. Nb6+ Kb8 22. Nd5 Rd7 23. Nb6 Rdd8 24. Nd5 Rd7 25. Nb4 Rxd1 26. Nxc6+ Kc7 27. Rxd1 Kxc6 28. Ke3 Rd8 29. Rxd8 Nxd8 30. f4 Kd5 31. fxe5 fxe5 32. c4+ Ke6 33. Ke4 Nf7 34. Ba3 Ng5+ 35. Ke3 Kf5 36. Bb2 h5 37. Ba1 Ne4 38. Bb2 g5 39. Ba3 Nf6 40. h3 g4 41. hxg4+ Nxg4+ 42. Kf3 e4+ 43. Ke2 Nh6 44. Bc1 Nf7 45. Ke3 Kg4 46. Kxe4 Kxg3 47. Bf4+ Kg4 48. b4 h4 49. b5 Ng5+ 1/2-1/2

[Event "Chervonograd IM-A"]
[Site "Chervonograd UKR"]
[Date "2008.11.04"]
[Round "5.8"]
[White "Cherednichenko, Elena"]
[Black "Golubka, Petro"]
[Result "1/2-1/2"]
[WhiteElo "2158"]
[BlackElo "2306"]
[WhiteFideId "-1"]
[BlackFideId "-1"]
[PlyCount "24"]
[GameId "2129405091248116"]
[EventDate "2008.11.03"]
[EventType "tourn"]
[EventRounds "15"]
[EventCountry "UKR"]
[EventCategory "3"]

1. d4 Nf6 2. c4 e6 3. Nc3 Bb4 4. a3 Bxc3+ 5. bxc3 O-O 6. Bg5 h6 7. Bh4 d6 8. Nf3 Nbd7 9. e3 b6 10. Bd3 Bb7 11. O-O Qe8 12. Nd2 e5 1/2-1/2

[Event "Chervonograd IM-A"]
[Site "Chervonograd UKR"]
[Date "2008.11.04"]
[Round "6.1"]
[White "Hamitevici, Vladimir"]
[Black "Golubka, Petro"]
[Result "0-1"]
[WhiteElo "2399"]
[BlackElo "2306"]
[WhiteFideId "-1"]
[BlackFideId "-1"]
[PlyCount "136"]
[GameId "2129405091248117"]
[EventDate "2008.11.03"]
[EventType "tourn"]
[EventRounds "15"]
[EventCountry "UKR"]
[EventCategory "3"]

1. d4 d5 2. Nf3 Nf6 3. c4 e6 4. e3 c5 5. Nc3 Nc6 6. cxd5 exd5 7. Be2 Bd6 8. O-O O-O 9. dxc5 Bxc5 10. Qb3 Rb8 11. Rd1 Be6 12. a3 Qe7 13. Qa4 Bb6 14. b4 Rfd8 15. Nb5 Ne4 16. Bb2 Rbc8 17. Rac1 Bg4 18. Qb3 Qe6 19. Qd3 Qg6 20. Nbd4 Bxd4 21. Bxd4 Bh3 22. g3 Qf5 23. b5 Ne7 24. Bc3 Rxc3 25. Rxc3 g5 26. Rc7 g4 27. Rxe7 gxf3 28. Bf1 Bxf1 29. Qxf1 Rc8 30. Rc1 Nd2 31. Rxc8+ Qxc8 32. Qa1 d4 33. Kh1 Kf8 34. Re5 Nb3 35. Qf1 d3 36. Rd5 d2 37. Kg1 Qc1 38. h4 Qe1 39. g4 Nc1 40. Rxd2 Qxd2 41. Kh2 Nd3 42. Kg3 Qe2 43. Qg1 b6 44. g5 Qe1 45. Qh2 Ne5 46. Kf4 Ng6+ 47. Kxf3 Qd1+ 48. Kg3 Ne5 49. Kf4 Qd5 50. Qh3 Ng6+ 51. Kg3 Qe5+ 52. Kf3 f5 53. gxf6 Qxf6+ 54. Kg3 Qe5+ 55. Kf3 Qxb5 56. h5 Ne7 57. Qh4 Kf7 58. a4 Qf5+ 59. Ke2 h6 60. e4 Qe5 61. Kd3 Qd6+ 62. Ke2 a5 63. f4 Qd4 64. f5 Qc4+ 65. Kf3 Qd3+ 66. Kf4 Qd2+ 67. Kf3 Nc6 68. e5 Nxe5+ 0-1

[Event "Chervonograd IM-A"]
[Site "Chervonograd UKR"]
[Date "2008.11.05"]
[Round "7.8"]
[White "Golubka, Petro"]
[Black "Kozel, Roman"]
[Result "1/2-1/2"]
[WhiteElo "2306"]
[BlackElo "2360"]
[WhiteFideId "-1"]
[BlackFideId "-1"]
[PlyCount "61"]
[GameId "2129405091248132"]
[EventDate "2008.11.03"]
[EventType "tourn"]
[EventRounds "15"]
[EventCountry "UKR"]
[EventCategory "3"]

1. e4 c5 2. Nf3 Nc6 3. Nc3 g6 4. d4 cxd4 5. Nxd4 Bg7 6. Be3 d6 7. Qd2 Nf6 8. f3 O-O 9. Bc4 Bd7 10. Bb3 Nxd4 11. Bxd4 a5 12. a4 e6 13. O-O Bc6 14. Rad1 Re8 15. Kh1 d5 16. exd5 Nxd5 17. Bxd5 Bxd5 18. Bxg7 Kxg7 19. Nxd5 exd5 20. h3 Rc8 21. c3 Rc4 22. Rfe1 Rxe1+ 23. Qxe1 Rxa4 24. Qe5+ Qf6 25. Qxd5 b6 26. Re1 Rf4 27. Re4 Rxe4 28. Qxe4 Qd6 29. f4 Qc5 30. Kh2 h5 31. Kg3 1/2-1/2

[Event "Chervonograd IM-A"]
[Site "Chervonograd UKR"]
[Date "2008.11.06"]
[Round "8.2"]
[White "Bernadskiy, Vitaliy"]
[Black "Golubka, Petro"]
[Result "1/2-1/2"]
[WhiteElo "2319"]
[BlackElo "2306"]
[WhiteFideId "-1"]
[BlackFideId "-1"]
[PlyCount "68"]
[GameId "2129405091248134"]
[EventDate "2008.11.03"]
[EventType "tourn"]
[EventRounds "15"]
[EventCountry "UKR"]
[EventCategory "3"]

1. d4 Nf6 2. Nf3 e6 3. e3 b6 4. Bd3 Bb7 5. Nbd2 c5 6. c3 cxd4 7. exd4 d6 8. O-O Nbd7 9. Re1 Be7 10. Qc2 O-O 11. Ne4 Nxe4 12. Bxe4 Bxe4 13. Qxe4 Qc7 14. Ng5 Nf6 15. Qh4 b5 16. a3 a5 17. Qh3 Qc4 18. Bd2 Qd5 19. Qd3 h6 20. Ne4 a4 21. Ng3 Rfe8 22. Re2 Bf8 23. Rae1 Qc4 24. Qf3 Qd5 25. Qxd5 Nxd5 26. f4 Nb6 27. Bc1 Nc4 28. Kf2 Be7 29. Ne4 Kf8 30. Nd2 Nb6 31. Nf3 Nd5 32. g4 Kg8 33. Kg3 Bf8 34. h4 h5 1/2-1/2

[Event "Chervonograd IM-A"]
[Site "Chervonograd UKR"]
[Date "2008.11.06"]
[Round "9.7"]
[White "Golubka, Petro"]
[Black "Stopkin, Vladimir"]
[Result "1/2-1/2"]
[WhiteElo "2306"]
[BlackElo "2248"]
[WhiteFideId "-1"]
[BlackFideId "-1"]
[PlyCount "56"]
[GameId "2129405091248147"]
[EventDate "2008.11.03"]
[EventType "tourn"]
[EventRounds "15"]
[EventCountry "UKR"]
[EventCategory "3"]

1. Nf3 d5 2. d4 c5 3. e3 e6 4. c4 Nf6 5. Nc3 Nc6 6. Bd3 Be7 7. O-O O-O 8. a3 a6 9. dxc5 dxc4 10. Bxc4 Qxd1 11. Rxd1 Bxc5 12. b4 Ba7 13. Bb2 b5 14. Bd3 Bb7 15. Ne4 Nxe4 16. Bxe4 Rfd8 17. Ne5 Rxd1+ 18. Rxd1 Rd8 19. Rxd8+ Nxd8 20. Bxb7 Nxb7 21. Nc6 Bb6 22. Bd4 Bxd4 23. Nxd4 Nd6 24. Nb3 Nc4 25. Nc5 a5 26. bxa5 Nxa5 27. Kf1 Nc4 28. a4 bxa4 1/2-1/2

[Event "Chervonograd IM-A"]
[Site "Chervonograd UKR"]
[Date "2008.11.07"]
[Round "10.3"]
[White "Gorovets, Andrey"]
[Black "Golubka, Petro"]
[Result "1/2-1/2"]
[WhiteElo "2384"]
[BlackElo "2306"]
[WhiteFideId "-1"]
[BlackFideId "-1"]
[PlyCount "148"]
[GameId "2129405091248151"]
[EventDate "2008.11.03"]
[EventType "tourn"]
[EventRounds "15"]
[EventCountry "UKR"]
[EventCategory "3"]

1. e4 e5 2. Nf3 Nc6 3. Bb5 a6 4. Ba4 Nf6 5. Bxc6 dxc6 6. d3 Nd7 7. Nbd2 Bd6 8. Nc4 O-O 9. O-O c5 10. Ne1 Qe7 11. Qh5 f6 12. f4 b5 13. Na5 Qf7 14. Qxf7+ Rxf7 15. fxe5 Nxe5 16. Nf3 Nxf3+ 17. Rxf3 Bg4 18. Rf2 c4 19. Be3 Re8 20. Nb7 Rd7 21. Nxd6 cxd6 22. Bb6 Be6 23. h3 cxd3 24. cxd3 d5 25. exd5 Bxd5 26. Bc5 Bb7 27. d4 Bc6 28. Rc1 Bd5 29. b3 h5 30. Rcc2 Kf7 31. Rce2 Rxe2 32. Rxe2 h4 33. Kf2 Be6 34. Re3 Rd5 35. a4 Rf5+ 36. Kg1 Rg5 37. axb5 axb5 38. Bd6 Rd5 39. Bc5 Rg5 40. Bd6 Bd5 41. g3 hxg3 42. Bxg3 Be6 43. Kh2 Rh5 44. Bd6 g5 45. Kg2 Rh8 46. b4 Rd8 47. Bc5 Ra8 48. Kg3 Rh8 49. Kg2 Bd5+ 50. Kg3 Kg6 51. Re7 Ra8 52. Ra7 Re8 53. Be7 Kf7 54. Bd8+ Kg6 55. Be7 f5 56. h4 f4+ 57. Kg4 Be6+ 58. Kf3 Bd5+ 59. Kg4 Be6+ 60. Kf3 gxh4 61. Bxh4 Kf5 62. Rg7 Bd5+ 63. Kf2 Rc8 64. Re7 Kg4 65. Re5 Rc2+ 66. Kg1 Bc4 67. Be1 Kf3 68. d5 Rg2+ 69. Kh1 Rg6 70. Bd2 Rg2 71. Be1 Rg7 72. Bd2 Bf1 73. Rh5 Rg2 74. Rh2 Rxh2+ 1/2-1/2

[Event "Chervonograd IM-A"]
[Site "Chervonograd UKR"]
[Date "2008.11.07"]
[Round "11.6"]
[White "Golubka, Petro"]
[Black "Melnichenko, Alexander"]
[Result "1/2-1/2"]
[WhiteElo "2306"]
[BlackElo "2231"]
[WhiteFideId "-1"]
[BlackFideId "-1"]
[PlyCount "37"]
[GameId "2129405091248162"]
[EventDate "2008.11.03"]
[EventType "tourn"]
[EventRounds "15"]
[EventCountry "UKR"]
[EventCategory "3"]

1. e4 e5 2. Nf3 Nc6 3. Bb5 a6 4. Ba4 d6 5. Bxc6+ bxc6 6. d4 exd4 7. Nxd4 c5 8. Nc6 Qh4 9. Nc3 Ne7 10. Nxe7 Bxe7 11. Qd5 Ra7 12. O-O Be6 13. Qd3 O-O 14. Nd5 Bxd5 15. Qxd5 Bf6 16. Rb1 Qg4 17. Be3 Re8 18. f3 Qe6 19. Qxe6 1/2-1/2

[Event "Chervonograd IM-A"]
[Site "Chervonograd UKR"]
[Date "2008.11.08"]
[Round "12.4"]
[White "Kagramanianz, Vartan"]
[Black "Golubka, Petro"]
[Result "1/2-1/2"]
[WhiteElo "2166"]
[BlackElo "2306"]
[WhiteFideId "-1"]
[BlackFideId "-1"]
[PlyCount "52"]
[GameId "2129405091248168"]
[EventDate "2008.11.03"]
[EventType "tourn"]
[EventRounds "15"]
[EventCountry "UKR"]
[EventCategory "3"]

1. d4 Nf6 2. Nf3 g6 3. Bg5 Bg7 4. Nbd2 d5 5. c3 O-O 6. e3 b6 7. Be2 Bb7 8. O-O Nbd7 9. a4 a6 10. b4 h6 11. Bh4 c5 12. a5 cxd4 13. cxd4 Ne4 14. Nxe4 dxe4 15. Nd2 g5 16. Bg3 f5 17. f4 gxf4 18. Bxf4 e5 19. dxe5 Nxe5 20. Nc4 Nd3 21. Bxd3 Qxd3 22. Nxb6 Bxa1 23. Qxa1 Rad8 24. Bxh6 Rf7 25. h4 Qe2 26. Qe5 Kh7 1/2-1/2

[Event "Chervonograd IM-A"]
[Site "Chervonograd UKR"]
[Date "2008.11.09"]
[Round "13.5"]
[White "Golubka, Petro"]
[Black "Gorbatenko, Kateryna"]
[Result "1/2-1/2"]
[WhiteElo "2306"]
[BlackElo "2085"]
[WhiteFideId "-1"]
[BlackFideId "-1"]
[PlyCount "23"]
[GameId "2129405091248177"]
[EventDate "2008.11.03"]
[EventType "tourn"]
[EventRounds "15"]
[EventCountry "UKR"]
[EventCategory "3"]

1. e4 c5 2. Nf3 Nc6 3. d4 cxd4 4. Nxd4 g6 5. Nc3 Bg7 6. Be3 Nf6 7. Bc4 O-O 8. Bb3 d6 9. f3 Bd7 10. Qd2 Qa5 11. h4 Rfc8 12. O-O-O 1/2-1/2

[Event "Chervonograd IM-A"]
[Site "Chervonograd UKR"]
[Date "2008.11.09"]
[Round "14.5"]
[White "Polyakov, Maxim"]
[Black "Golubka, Petro"]
[Result "0-1"]
[WhiteElo "2296"]
[BlackElo "2306"]
[WhiteFideId "-1"]
[BlackFideId "-1"]
[PlyCount "100"]
[GameId "2129405091248185"]
[EventDate "2008.11.03"]
[EventType "tourn"]
[EventRounds "15"]
[EventCountry "UKR"]
[EventCategory "3"]

1. c4 e5 2. Nc3 Nc6 3. g3 Nf6 4. Bg2 Bb4 5. Nf3 O-O 6. O-O h6 7. Nd5 Bc5 8. d3 a6 9. Rb1 Ba7 10. b4 d6 11. e4 Kh8 12. h3 Nd4 13. Nxd4 Bxd4 14. Be3 Nxd5 15. cxd5 Bxe3 16. fxe3 Qg5 17. Qf3 Bd7 18. Rbc1 c6 19. dxc6 Bxc6 20. h4 Qe7 21. Qh5 a5 22. bxa5 Rxa5 23. Rf2 Ra3 24. Bf1 Kg8 25. g4 Qe6 26. g5 Rxa2 27. gxh6 Rxf2 28. Kxf2 Qxh6 29. Qxh6 gxh6 30. Bh3 Ra8 31. Rc2 Ra3 32. Rd2 Kf8 33. Bf5 Rc3 34. d4 Ke7 35. Rb2 exd4 36. exd4 b5 37. d5 Be8 38. Ra2 b4 39. Ra6 Rc5 40. Rb6 Rb5 41. Rxb5 Bxb5 42. Ke3 b3 43. Kd2 Kf6 44. Kc3 Ke5 45. Kxb3 Bd3 46. Kc3 Bxe4 47. Bd7 Bxd5 48. Kd3 f5 49. Ke3 Be4 50. Ba4 d5 0-1

[Event "Chervonograd IM-A"]
[Site "Chervonograd UKR"]
[Date "2008.11.10"]
[Round "15.4"]
[White "Golubka, Petro"]
[Black "Bargan, Sergei"]
[Result "1/2-1/2"]
[WhiteElo "2306"]
[BlackElo "2375"]
[WhiteFideId "-1"]
[BlackFideId "-1"]
[PlyCount "46"]
[GameId "2129405091248192"]
[EventDate "2008.11.03"]
[EventType "tourn"]
[EventRounds "15"]
[EventCountry "UKR"]
[EventCategory "3"]

1. e4 c5 2. Nf3 d6 3. d4 cxd4 4. Nxd4 Nf6 5. Nc3 g6 6. Be3 Bg7 7. f3 O-O 8. Qd2 Nc6 9. g4 Nxd4 10. Bxd4 Be6 11. O-O-O Qa5 12. Kb1 Rfc8 13. Nd5 Qxd2 14. Rxd2 Bxd5 15. exd5 Nd7 16. h4 h6 17. g5 Rc7 18. f4 h5 19. Be2 a6 20. c4 Rb8 21. Rc1 Rbc8 22. Re1 Nc5 23. Bf1 Bxd4 1/2-1/2

[Event "Independence Cup A"]
[Site "Kyiv UKR"]
[Date "2008.08.14"]
[Round "2"]
[White "Golubka, Petro"]
[Black "Novikova, Margarita"]
[Result "1-0"]
[WhiteElo "2296"]
[BlackElo "2055"]
[WhiteFideId "-1"]
[BlackFideId "-1"]
[PlyCount "99"]
[GameId "2129405094229000"]
[EventDate "2008.08.13"]
[EventType "swiss"]
[EventRounds "11"]
[EventCountry "UKR"]
[SourceTitle "The Week in Chess 721"]
[Source "Mark Crowther"]
[SourceDate "2008.09.01"]
[SourceVersion "1"]
[SourceVersionDate "2008.09.01"]
[SourceQuality "2"]

1. e4 d5 2. exd5 Nf6 3. Bb5+ Bd7 4. Qe2 Nxd5 5. d4 c6 6. Bd3 Qc7 7. Nf3 Nf4 8. Bxf4 Qxf4 9. h3 Qc1+ 10. Qd1 Qxd1+ 11. Kxd1 e6 12. Nc3 Be7 13. Re1 O-O 14. Ne4 Rc8 15. c3 c5 16. dxc5 Bxc5 17. Nxc5 Rxc5 18. Kc2 Nc6 19. a3 a5 20. Rad1 Be8 21. Kb1 b5 22. Be4 Rb8 23. Nd2 b4 24. Nb3 Rh5 25. cxb4 axb4 26. a4 Na7 27. Bf3 Rf5 28. Nd4 Rc5 29. b3 e5 30. Nf5 f6 31. Kb2 g6 32. Nd6 Bc6 33. Bxc6 Rxc6 34. Nc4 Rc7 35. Rd6 Kg7 36. Red1 Nc6 37. Rd7+ Rxd7 38. Rxd7+ Kg8 39. Rd6 Nd4 40. Rxf6 Kg7 41. Rd6 Rf8 42. f3 Rf5 43. a5 Nb5 44. Rd5 Nc3 45. Rxe5 Rf4 46. a6 Rd4 47. a7 Rd8 48. Ra5 Ra8 49. Nb6 Rd8 50. Kc2 1-0

[Event "Independence Cup A"]
[Site "Kyiv UKR"]
[Date "2008.08.16"]
[Round "4"]
[White "Golubka, Petro"]
[Black "Stavroyany, Sergey"]
[Result "0-1"]
[WhiteElo "2296"]
[BlackElo "2236"]
[WhiteFideId "-1"]
[BlackFideId "-1"]
[PlyCount "92"]
[GameId "2129405094237253"]
[EventDate "2008.08.13"]
[EventType "swiss"]
[EventRounds "11"]
[EventCountry "UKR"]
[SourceTitle "The Week in Chess 721"]
[Source "Mark Crowther"]
[SourceDate "2008.09.01"]
[SourceVersion "1"]
[SourceVersionDate "2008.09.01"]
[SourceQuality "2"]

1. e4 c5 2. Nf3 Nc6 3. Bb5 e5 4. O-O d6 5. c3 Qb6 6. Na3 a6 7. Bxc6+ Qxc6 8. d4 f6 9. d5 Qc7 10. Nc2 h5 11. c4 h4 12. h3 g6 13. b4 cxb4 14. Qd3 f5 15. Ng5 Nf6 16. f3 Bh6 17. Ne6 Bxe6 18. dxe6 Bxc1 19. Raxc1 f4 20. Qb3 a5 21. a3 bxa3 22. Nxa3 Ke7 23. Kh2 a4 24. Qa2 Rhc8 25. Rfd1 Ra6 26. Rb1 Rb8 27. Nb5 Qc5 28. Nc3 a3 29. Nd5+ Nxd5 30. exd5 Kf6 31. Rb5 Qc7 32. Rd3 Rba8 33. Rc3 b6 34. Rbb3 Qc5 35. Rb5 Qd4 36. Rbb3 Ra5 37. Rd3 Qxc4 38. Qf2 g5 39. Qxb6 Qc5 40. Qxc5 dxc5 41. Rb7 a2 42. Rf7+ Kg6 43. Rd1 a1=Q 44. Rxa1 Rxa1 45. d6 Rd1 46. d7 Raa1 0-1

[Event "Independence Cup A"]
[Site "Kyiv UKR"]
[Date "2008.08.17"]
[Round "5"]
[White "Krasiuk, Ekaterina"]
[Black "Golubka, Petro"]
[Result "0-1"]
[WhiteElo "1970"]
[BlackElo "2296"]
[WhiteFideId "-1"]
[BlackFideId "-1"]
[PlyCount "138"]
[GameId "2129405094237285"]
[EventDate "2008.08.13"]
[EventType "swiss"]
[EventRounds "11"]
[EventCountry "UKR"]
[SourceTitle "The Week in Chess 721"]
[Source "Mark Crowther"]
[SourceDate "2008.09.01"]
[SourceVersion "1"]
[SourceVersionDate "2008.09.01"]
[SourceQuality "2"]

1. e4 e5 2. Nf3 Nc6 3. Bb5 Nf6 4. Qe2 d6 5. d4 Bd7 6. Bxc6 Bxc6 7. dxe5 Nxe4 8. exd6 Bxd6 9. Nd4 Bb4+ 10. c3 Qxd4 11. O-O Qe5 12. cxb4 Bb5 13. Bf4 Bxe2 14. Bxe5 Bxf1 15. Kxf1 f6 16. Bf4 O-O-O 17. f3 Nd6 18. Nc3 c6 19. Re1 Rhe8 20. Rxe8 Nxe8 21. b5 cxb5 22. Nxb5 a6 23. Nc3 Nc7 24. Ke2 Nd5 25. Nxd5 Rxd5 26. Bd2 Kd7 27. Bc3 Ke6 28. Ke3 h5 29. g3 g5 30. Ke2 Kf5 31. a3 g4 32. Bb4 Re5+ 33. Kf2 Re8 34. Bc3 b5 35. Ba5 Re6 36. Bc3 Rc6 37. Ke2 Rc4 38. Ke3 Ke6 39. Ke2 f5 40. Ke3 gxf3 41. Kxf3 Re4 42. Ba5 Kd5 43. h3 Kc4 44. Bc3 Kb3 45. Bf6 a5 46. Bc3 b4 47. axb4 axb4 48. Bf6 Kc2 49. Bg7 b3 50. Bc3 Ra4 51. h4 Kd3 52. Bf6 Rc4 53. Bg7 Kd2 54. Bf6 Kc1 55. Bg7 Rc2 56. Kf4 Rxb2 57. Bxb2+ Kxb2 58. Kxf5 Kc1 59. Kg5 b2 60. Kxh5 b1=Q 61. g4 Kd2 62. Kh6 Qb6+ 63. Kg5 Qd8+ 64. Kh5 Ke3 65. g5 Kf4 66. Kg6 Kg4 67. Kf7 Qd7+ 68. Kf6 Qf5+ 69. Kg7 Kh5 0-1

[Event "Independence Cup A"]
[Site "Kyiv UKR"]
[Date "2008.08.19"]
[Round "7"]
[White "Boruchovsky, Avital"]
[Black "Golubka, Petro"]
[Result "1-0"]
[WhiteElo "2189"]
[BlackElo "2296"]
[WhiteFideId "-1"]
[BlackFideId "-1"]
[PlyCount "63"]
[GameId "2129405094237331"]
[EventDate "2008.08.13"]
[EventType "swiss"]
[EventRounds "11"]
[EventCountry "UKR"]
[SourceTitle "The Week in Chess 721"]
[Source "Mark Crowther"]
[SourceDate "2008.09.01"]
[SourceVersion "1"]
[SourceVersionDate "2008.09.01"]
[SourceQuality "2"]

1. e4 c5 2. c3 Nf6 3. e5 Nd5 4. d4 cxd4 5. Nf3 Nc6 6. cxd4 d6 7. Bc4 e6 8. O-O Be7 9. Qe2 Nb6 10. Bb3 d5 11. Nc3 O-O 12. Bf4 Bd7 13. Rac1 Kh8 14. Bc2 f5 15. exf6 Bxf6 16. Nb5 Nb4 17. Nc7 Rc8 18. Bb1 Nc6 19. Nxe6 Bxe6 20. Qxe6 Nxd4 21. Nxd4 Rxc1 22. Bxc1 Bxd4 23. Qh3 g6 24. Bxg6 Qe7 25. Bf5 Nc4 26. Bh6 Rf7 27. Be6 Rxf2 28. Rxf2 Bxf2+ 29. Kxf2 Qf6+ 30. Bf5 Qxb2+ 31. Kg3 Qxa2 32. Be3 1-0

[Event "Independence Cup A"]
[Site "Kyiv UKR"]
[Date "2008.08.20"]
[Round "8"]
[White "Golubka, Petro"]
[Black "Gerber, Vladimir"]
[Result "1/2-1/2"]
[WhiteElo "2296"]
[BlackElo "2175"]
[WhiteFideId "-1"]
[BlackFideId "-1"]
[PlyCount "123"]
[GameId "2129405094237368"]
[EventDate "2008.08.13"]
[EventType "swiss"]
[EventRounds "11"]
[EventCountry "UKR"]
[SourceTitle "The Week in Chess 721"]
[Source "Mark Crowther"]
[SourceDate "2008.09.01"]
[SourceVersion "1"]
[SourceVersionDate "2008.09.01"]
[SourceQuality "2"]

1. e4 e5 2. Nf3 Nc6 3. Bb5 Bc5 4. O-O Qf6 5. c3 Nge7 6. d4 exd4 7. Bg5 Qg6 8. Bxe7 Nxe7 9. cxd4 Bb6 10. Nc3 O-O 11. Bd3 Qh6 12. Na4 d5 13. Nxb6 axb6 14. Qc2 c6 15. e5 Ng6 16. g3 Bh3 17. Rfe1 Qh5 18. Re3 Rfe8 19. a4 b5 20. a5 Re6 21. Kh1 Ne7 22. Nh4 g5 23. Be2 Qh6 24. Ng2 Nf5 25. Rd3 Qg6 26. Qd2 Ng7 27. Rda3 Rae8 28. a6 bxa6 29. Rxa6 f6 30. Bd3 Qh5 31. Be2 Bg4 32. Bxg4 Qxg4 33. f4 fxe5 34. dxe5 Rh6 35. fxg5 Rhe6 36. Nf4 Rxe5 37. Rxc6 Qf3+ 38. Kg1 d4 39. Rcc1 Nf5 40. Rf1 Qe3+ 41. Qxe3 Nxe3 42. Rfc1 Rxg5 43. Ra5 h5 44. Kf2 h4 45. Rc7 Ng4+ 46. Kg2 hxg3 47. hxg3 Ne3+ 48. Kf2 Nd1+ 49. Kg2 Ne3+ 50. Kf2 Nd1+ 51. Kg2 Nxb2 52. Ne6 Nc4 53. Rxc4 Rxe6 54. Rxd4 Rb6 55. g4 Kf7 56. Kg3 Kg6 57. Rd7 b4 58. Rxg5+ Kxg5 59. Rd2 b3 60. Rb2 Rb5 61. Kf3 Rb4 62. Ke3 1/2-1/2